|
|
|
|
| LEADER |
00000naa0a2200000 4500 |
| 001 |
598751 |
| 005 |
20250331093327.0 |
| 035 |
|
|
|a (RuTPU)RU\TPU\tpu\22530
|
| 035 |
|
|
|a RU\TPU\tpu\20599
|
| 090 |
|
|
|a 598751
|
| 100 |
|
|
|a 20130123d2011 k y0rusy50 ca
|
| 101 |
0 |
|
|a rus
|
| 102 |
|
|
|a RU
|
| 200 |
1 |
|
|a Концептуальные основания изучения транзитивного общества
|f В. Б. Агранович
|
| 333 |
|
|
|a В фонде НТБ ТПУ отсутствует
|
| 463 |
|
|
|t Актуальные проблемы гуманитарных наук
|o сборник научных трудов X Международной научно-практической конференции студентов, аспирантов и молодых ученых, Томск, 21-22 апреля 2011 г.
|v C. 230-233
|f Национальный исследовательский Томский политехнический университет (ТПУ) ; редкол.: Н. В. Трубникова, А. А. Корниенко, Э. Н. Камышев
|d 2011
|
| 610 |
1 |
|
|a труды учёных ТПУ
|
| 700 |
|
1 |
|a Агранович
|b В. Б.
|c философ
|c доцент Томского политехнического университета, кандидат философских наук
|f 1967-
|g Виктория Борисовна
|3 (RuTPU)RU\TPU\pers\24647
|9 10911
|
| 801 |
|
1 |
|a RU
|b 63413507
|c 20120126
|
| 801 |
|
2 |
|a RU
|b 63413507
|c 20130123
|g RCR
|
| 942 |
|
|
|c BK
|